000 01049nas a2200253Ia 4500
001 R707/E6759
003 IT-RoPAU
008 151124c99999999xx |||||||||||| ||und||
040 _aIT-RoPAU
040 _cIT-RoPAU
041 _aTEDESCO
100 _aLarsen Svend Erik
_gCodice Aut. SPICS: 4847
210 _aZEITSCHRIFT FUR SEMIOTIK
222 _aZeitschrift Fur Semiotik
245 _aZEITSCHRIFT FUR SEMIOTIK, VOL. 19-N.1/2 (1997)
_bProspect Park In Brooklyn (Der): Natur In Der Stadt
250 _a1a ed.
260 _aTUBINGEN
_bSTAUFFENBURG VERLAG
_c1997
501 _bPaulus - SPICS - Società San Paolo EM (non-commercial uses only)
_cCopyright2015
300 _a14 p. [81-94]
362 _aVOL. 19, N.1/2 (1997)
500 _aVeduta del Parco di Brooklyn: Natura in Città. Descrizione in Prospettivadiacronica e Sincronica dei Segni Visivi che Formano il Parco Cittadino Come un Segno Comprensivo nel Contesto Delle Forme Spaziali della Moderna Cultura Urbana.
650 _aSEMIOTICA
_vPUBBLICAZIONE PERIODICA
942 _cCR
999 _c181528
_d181528